000 01359nam a2200337 c 4500
003 BLK
005 20180420213247.0
008 180412b bul|||||r ||||||| ||bul||
010 _aKNG00001414000
020 _a954-8029-18-9
_bиздат.: Еквус арт
040 _aBLK
041 _aBUL
_cBUL
080 _aАмериканска литература (на САЩ)
_b821.111(73)
_x-312.4
_z821.111(73)-312.4
100 1 _aМакдоналд, Рос
_eпърви автор
_gМилар, Кенет
_9243057
700 1 _aБалчева, Кристин
_eпрев.
_9243058
700 1 _aМилар, Кенет
_9243059
139 _aМакдоналд, Рос
_bМ 19
245 1 0 _aНечисти пари
_b[Кримин.] роман с Лю Арчър
_cРос Макдоналд; прев. Кристин Балчева; Кенет Милар.
257 _aUSA
260 София
_bЕквус арт
_c1994
300 _a272 с.
_c20 см
380 _aX
500 _aОриг. загл. Black Money / Ross Macdonald. - Рос Макдоналд - псевд. на Кенет Милар. - Офс. изд. - 7 000 тир.
653 _aкрими
653 _aромани
852 _aЦб 177179
856 4 _qpdf
_u
856 4 _qpdf
_u
942 _cKNG
_n0
944 _aCR
_c15.01.2003
_lф /
_kЛюдмила_Стоянова
944 _aED
_c27.10.2009
_lф /
_k
999 _c807
_d807